Social studies in the primary school (Record no. 1339498)

MARC details
000 -LEADER
fixed length control field 00570nam a2200205Ia 4500
005 - DATE AND TIME OF LATEST TRANSACTION
control field 20250508152911.0
008 - FIXED-LENGTH DATA ELEMENTS--GENERAL INFORMATION
fixed length control field 008 250505s9999 xx 000 0 eng d
037 ## - SOURCE OF ACQUISITION
Stock number TextBook
040 ## - CATALOGING SOURCE
Original cataloging agency FEDL
Language of cataloging eng
Transcribing agency FEDL
041 ## - LANGUAGE CODE
Language code of text/sound track or separate title eng
Source of code eng
084 ## - COLON CLASSIFICATION NUMBER
Classification number 300.7, ALL
Assigning agency FEDL
100 ## - MAIN ENTRY--PERSONAL NAME
Personal name Allen Graham
245 #0 - TITLE STATEMENT
Title Social studies in the primary school
260 ## - PUBLICATION, DISTRIBUTION, ETC.
Place of publication, distribution, etc. London, UK
Name of publisher, distributor, etc. Macmillan and Co. Ltd.
Date of publication, distribution, etc. 1960
300 ## - PHYSICAL DESCRIPTION
Extent ix, 216p
365 ## - TRADE PRICE
Price type code INR
Price amount 24
650 ## - SUBJECT ADDED ENTRY--TOPICAL TERM
Topical term or geographic name entry element Social Sciences-Teaching
9 (RLIN) 757285
942 ## - ADDED ENTRY ELEMENTS (KOHA)
Koha item type Textbook
Classification part 300.7, ALL
Holdings
Withdrawn status Lost status Damaged status Not for loan Home library Current library Date acquired Cost, normal purchase price Total Checkouts Full call number Barcode Date last seen Price effective from Koha item type
        Department of Education Library Department of Education Library 2025-05-08 24.00   300.7, ALL EL0021924 2025-05-08 2025-05-08 Textbook
Copyright @ Delhi University Library System